| 000 | 00521nam a22001697a 4500 | ||
|---|---|---|---|
| 999 |
_c8704 _d8704 |
||
| 008 | 201210b ||||| |||| 00| 0 eng d | ||
| 040 | _aBMS College of Architecture | ||
| 100 | _aHareendran, Anjaly | ||
| 245 | _aAustralian consulate Chennai | ||
| 300 | _a62p. | ||
| 500 | _a1BM11AT011 | ||
| 502 |
_8B,Arch _NBMS College of Architecture, Visvesvaraya Technological University (VTU) _aProject report _d2015 |
||
| 650 | _aChennai | ||
| 700 |
_aBhaghyalaxmi M _eGuide |
||
| 700 |
_aMadhuri Rao _eGuide |
||
| 942 |
_2ddc _cTHE |
||